[Event "EU-ch U12 28th"]
[Site "Riga"]
[Date "2018.08.21"]
[Round "2"]
[White "Vasilyev, Alexey1111"]
[Black "Maghlakelidze, Lado"]
[Result "0-1"]
[WhiteElo "2018"]
[BlackElo "1735"]
[PlyCount "182"]
[EventDate "2018.08.20"]
[EventType "swiss"]
[EventRounds "9"]
[EventCountry "LAT"]
[SourceTitle "CBM 186 Extra"]
[Source "ChessBase"]
[SourceDate "2018.08.24"]
[SourceVersion "1"]
[SourceVersionDate "2018.08.24"]
[SourceQuality "1"]

1. e4 e6 2. d3 d5 3. Nd2 Nf6 4. Ngf3 b6 5. g3 Bb7 6. e5 Nfd7 7. Bg2 c5 8. 0-0 Nc6 9. Re1 Qc7 10. Qe2 Be7 11. Nf1 0-0-0 12. a3 Rdg8 13. h4 h6 14. h5 g6 15. hxg6 Rxg6 16. c3 h5 17. Bf4 Rg7 18. b4 Nf8 19. bxc5 bxc5 20. N1h2 Ng6 21. Qd2 h4 22. Rab1 Nxf4 23. Qxf4 hxg3 24. fxg3 Rhg8 25. Nf1 c4 26. dxc4 Bc5+ 27. Kh1 Rg4 28. Qf6 Rxc4 29. Ng5 Nd8 30. Nh3 Rxc3 31. a4 Qe7 32. Qf4 Rc4 33. Qh6 Qf8 34. Qf6 Qg7 35. Qxg7 Rxg7 36. Rec1 Bd4 37. Nd2 Rxc1+ 38. Rxc1+ Kd7 39. Nf3 Bb6 40. Kh2 Rg4 41. Ra1 Ba5 42. Nf4 Rg8 43. Rb1 Bc6 44. Bh3 Nb7 45. Nd4 Rh8 46. Nf3 Bb6 47. Ng5 Nd8 48. Rb4 Ba5 49. Rb2 Bc3 50. Re2 a6 51. Nd3 Ke7 52. Nc5 a5 53. Nf3 Bb4 54. Rc2 Bxc5 55. Rxc5 Bxa4 56. Rxa5 Bd1 57. Ra7+ Ke8 58. Ra3 Bxf3 59. Rxf3 Rh5 60. Kg2 Rxe5 61. Kf2 Nc6 62. Rd3 Re4 63. Rc3 Kd7 64. Bf1 Rb4 65. Be2 Kd6 66. Bh5 f5 67. Ke2 Rb3 68. Rxb3 Nd4+ 69. Kd3 Nxb3 70. Bd1 Nc5+ 71. Ke3 Ke5 72. Bf3 Ne4 73. g4 fxg4 74. Bxg4 d4+ 75. Ke2 Ng5 76. Kd3 Kd5 77. Bd1 e5 78. Bb3+ Kc5 79. Bd1 e4+ 80. Kd2 Kc4 81. Be2+ d3 82. Bg4 Kd4 83. Ke1 e3 84. Kf1 Ne4 85. Ke1 Nc3 86. Bh5 d2+ 87. Kf1 d1Q+ 88. Bxd1 Nxd1 89. Ke2 Nc3+ 90. Kf1 Kd3 91. Ke1 e2 0-1

[Event "EU-ch U10 27th"]
[Site "Mamaia"]
[Date "2017.09.08"]
[Round "4"]
[White "Sachilaru, Alexandru"]
[Black "Maghlakelidze, Lado"]
[Result "0-1"]
[WhiteElo "1181"]
[BlackElo "1513"]
[PlyCount "36"]
[EventDate "2017.09.05"]
[EventType "swiss"]
[EventRounds "9"]
[EventCountry "ROU"]
[SourceTitle "CBM 180 Extra"]
[Source "ChessBase"]
[SourceDate "2017.10.06"]
[SourceVersion "1"]
[SourceVersionDate "2017.10.06"]
[SourceQuality "1"]

1. d4 g6 2. c4 Nf6 3. Nc3 Bg7 4. g3 d6 5. Bg2 0-0 6. e3 Nc6 7. a3 a5 8. Nge2 Re8 9. 0-0 Rb8 10. b3 e6 11. Bb2 d5 12. cxd5 exd5 13. Nf4 Be6 14. Rc1 Bh6 15. Nd3 Bg4 16. Qd2 Nxd4 17. Nxd5 Ne2+ 18. Kh1 Nxd5 0-1

[Event "Wch U10"]
[Site "Batumi"]
[Date "2016.10.28"]
[Round "9"]
[White "Maghlakelidze, Lado"]
[Black "Liandzbergas, Mykolas"]
[Result "1/2-1/2"]
[WhiteElo "1275"]
[BlackElo "1501"]
[PlyCount "97"]
[EventDate "2016.10.19"]
[EventType "swiss"]
[EventRounds "11"]
[EventCountry "GEO"]
[SourceTitle "EXT 2018"]
[Source "ChessBase"]
[SourceDate "2017.10.13"]
[SourceVersion "1"]
[SourceVersionDate "2017.10.13"]
[SourceQuality "1"]

1. e4 e5 2. Nf3 Nc6 3. Bc4 Bc5 4. d3 Nf6 5. Be3 Bb6 6. Nc3 d6 7. Qd2 Be6 8. Bb3 Bxb3 9. axb3 0-0 10. 0-0 Nd4 11. Bxd4 Bxd4 12. Nxd4 exd4 13. Nb5 c5 14. Nxa7 Qd7 15. Qa5 b5 16. Qb6 Rfb8 17. Nxb5 Rxb6 18. Rxa8+ Ne8 19. Nc7 f6 20. Nxe8 Kf7 21. Rfa1 Kg6 22. h3 d5 23. f3 dxe4 24. fxe4 Qe7 25. Rf1 Rb7 26. Rf4 h5 27. Rf5 Rd7 28. Rd5 Rxd5 29. exd5 Qe1+ 30. Kh2 Qe5+ 31. Kh1 Qxd5 32. Ra7 Qf5 33. Rxg7+ Kh6 34. Rc7 Qf1+ 35. Kh2 Qf4+ 36. Kh1 Qc1+ 37. Kh2 Qe3 38. Rc8 Qf4+ 39. Kh1 Qc1+ 40. Kh2 Qxc2 41. Nxf6 Qxd3 42. Rxc5 Qxb3 43. Rxh5+ Kg6 44. Rd5 Qxb2 45. Ne4 Qb8+ 46. Nd6 Qb6 47. Nb5 Qc6 48. Rxd4 Qxb5 49. Rg4+ 1/2-1/2

[Event "Wch U10"]
[Site "Batumi"]
[Date "2016.10.22"]
[Round "4"]
[White "Maghlakelidze, Lado"]
[Black "Vo, Pham Thien Phuc"]
[Result "0-1"]
[WhiteElo "1275"]
[BlackElo "1710"]
[PlyCount "116"]
[EventDate "2016.10.19"]
[EventType "swiss"]
[EventRounds "11"]
[EventCountry "GEO"]
[SourceTitle "CBM 175 Extra"]
[Source "ChessBase"]
[SourceDate "2016.12.12"]
[SourceVersion "1"]
[SourceVersionDate "2016.12.12"]
[SourceQuality "1"]

1. e4 c5 2. Nf3 d6 3. c3 Nf6 4. Qc2 Qc7 5. Bb5+ Bd7 6. Bxd7+ Nbxd7 7. d3 g6 8. Bf4 Bg7 9. Nbd2 Rc8 10. 0-0 0-0 11. Rfe1 Nh5 12. Bg3 Nxg3 13. hxg3 e6 14. Rad1 b5 15. Nf1 Qb7 16. Ne3 a5 17. Re2 Nb6 18. g4 h6 19. Red2 b4 20. Rc1 Rfd8 21. c4 Ra8 22. d4 Nd7 23. d5 e5 24. Rd3 Rdb8 25. Qe2 Qa6 26. g5 Qc8 27. Ng4 h5 28. Nh6+ Bxh6 29. gxh6 f6 30. Nh4 Kh7 31. Rg3 Nf8 32. Qf3 Qd8 33. Qe3 Rb7 34. Nf3 Raa7 35. Kh2 g5 36. Rh1 h4 37. Rg4 Qd7 38. Nxg5+ fxg5 39. Qxg5 Qf7 40. Kg1 Ng6 41. Qf5 Qxf5 42. exf5 Nf4 43. Rhxh4 Rf7 44. Rg5 a4 45. g4 a3 46. b3 Ne2+ 47. Kf1 Nc1 48. Rg7+ Rxg7 49. hxg7+ Kxg7 50. g5 Rf7 51. Rh6 Rxf5 52. Rxd6 Nxa2 53. Ra6 Nc1 54. d6 Rf7 55. g6 Rd7 56. Ke1 Nxb3 57. Ke2 Nd4+ 58. Kd2 Kxg6 0-1

[Event "Wch U08"]
[Site "Porto Carras"]
[Date "2015.10.26"]
[Round "2"]
[White "Maghlakelidze, Lado"]
[Black "Piliposyan, Robert"]
[Result "0-1"]
[WhiteElo "1246"]
[BlackElo "1746"]
[PlyCount "44"]
[EventDate "2015.10.25"]
[EventType "swiss"]
[EventRounds "11"]
[EventCountry "GRE"]
[SourceTitle "CBM 169 Extra"]
[Source "ChessBase"]
[SourceDate "2015.12.18"]
[SourceVersion "1"]
[SourceVersionDate "2015.12.18"]
[SourceQuality "1"]

1. e4 c5 2. Nf3 e6 3. d4 cxd4 4. Nxd4 Nf6 5. Nc3 d6 6. Be3 Be7 7. Bc4 a6 8. Bb3 Bd7 9. Qd2 Nc6 10. f3 Rc8 11. 0-0 0-0 12. Rad1 Ne5 13. Bf4 Ng6 14. Bg3 Nh5 15. Nde2 Nxg3 16. Nxg3 Ne5 17. f4 Ng4 18. h3 Qb6+ 19. Qd4 Qxd4+ 20. Rxd4 Nf6 21. e5 dxe5 22. fxe5 Bc5 0-1